Statistics for New York Knicks Top 10 Leaders

Click here to take the quiz!

General Stats

  • This quiz has been taken 600 times
    (452 since last reset)
  • The average score is 11 of 34

Answer Stats

Player% Correct
Patrick Ewing
98%
Carmelo Anthony
93%
Walt Frazier
82%
Willis Reed
76%
John Starks
64%
Charles Oakley
53%
Mark Jackson
50%
Phil Jackson
50%
Charles Smith
49%
Mitchell Robinson
48%
Allan Houston
46%
Amar'e Stoudemire
45%
Earl Monroe
44%
Kristaps Porzingis
44%
Dave DeBusschere
41%
Ray Williams
30%
Bill Bradley
26%
Richie Guerin
24%
Charlie Ward
19%
Micheal Ray Richardson
19%
Bill Cartwright
18%
Dick Barnett
18%
Marcus Camby
18%
Kurt Thomas
15%
Johnny Green
14%
Harry Gallatin
12%
Dick McGuire
10%
Carl Braun
9%
Gerald Wilkins
7%
Trent Tucker
7%
Willie Naulls
7%
Nat Clifton
5%
Marvin Webster
4%
Kyle O'Quinn
2%

Score Distribution

Percentile by Number Answered

Percent of People with Each Score

Your Score History

You have not taken this quiz since the last reset